00530nam a2200181 a 45000010010000000030011000100080041000210350026000620820017000881000021001052450028001262600038001546500019001929420012002119520090002239980020003139990015003330000-9184ELIB.Books110520 1981  a(ELIB.Books)0000-9336 a248.86 bAll aAllbritton, Bert aVictory Over Depression bSpringdale: Whitaker House c1981 aChristian Life 2ddccBK 00102ddc4070aKBTSbKBTSd2011-05-20l0p8368r2022-01-22 00:00:00w2022-01-22yBK cbate2011-05-20 c9184d9184